Parc Fluvial del Besòs
Descripción Física:
1 f. plegat en 8 parts : il. col. ; 22 cm pleg., 44 x 44 cm despleg.
Materias:
Parc Fluvial del Besòs -- Guies
MARC
| LEADER | 00000nam a2200000Ia 4500 | ||
|---|---|---|---|
| 001 | 22906 | ||
| 008 | 160829s2010 xx 000 0 cat d | ||
| 080 | |a FU-56-68 | ||
| 110 | 1 | |a Parc Fluvial del Besòs (Catalunya) |9 52682 | |
| 245 | |a Parc Fluvial del Besòs | ||
| 250 | |a Ed. en castellano | ||
| 260 | |a Barcelona : |b Diputació de Barcelona. Àrea d'Espais Naturals, |c 2010 | ||
| 300 | |a 1 f. plegat en 8 parts : |b il. col. ; |c 22 cm pleg., 44 x 44 cm despleg. | ||
| 590 | |a Conté un mapa del parc, amb informació general. | ||
| 590 | |a Hi ha un altre exemplar en català amb R. 22684 i en anglès amb R. 22685 | ||
| 650 | |a Parc Fluvial del Besòs |x Guies |9 43927 | ||
| 710 | |a Barcelona (Catalunya : Província). |b Àrea d'Espais Naturals |9 9050 | ||
| 901 | |a Arxiu | ||
| 942 | |n 1 | ||
| 952 | |0 0 |1 0 |4 0 |6 FU5668 |7 1 |9 51689 |a Arxiu |b Arxiu |d 2016-12-01 |l 0 |o FU-56-68 |p 22906 |r 2016-12-01 00:00:00 |w 2016-12-01 |y ARXIU | ||
| 999 | |c 55534 |d 55534 | ||